000 00875cam a2200253 4500
008 000000n2001 000 0 eng u
020 _a1860815197
035 _a(Sirsi) u119794
041 _aeng
050 _a695.2
100 _aWalton, P.L.
110 _aBuilding Research Establishment
245 4 _aThe performance of fibre cement slates: effects of condensation
260 _aLondon
_bCRC Ltd
_c2001
300 _a4p.
_bill.
_c30cm.
490 _aBRE Information Paper
_v19/01
520 _aDescribes tests to determine whether fibre cement slates deform or lose strength following two months of cyclic condensation.
650 _aBUILT ENVIRONMENT-BUILDING ELEMENTS-COMPLETE BUILDING ELEMENTS-ROOFS
650 _aFIBRE-CEMENT SLATES
650 _aCONDENSATION
650 _aVENTILATION
690 _aBUILT ENVIRONMENT-BUILDING MATERIALS
942 _n0
999 _c102398
_d102398